Bases químicas del medio ambiente /

Guardado en:
Otros Autores: Cabildo Miranda, María Pilar.
Formato: Libro
Idioma:Spanish
Publicado: Madrid : Universidad Nacional de Educación a Distancia, 2004.
Edición:1a. ed.
Materias:
Etiquetas: Agregar Etiqueta
Sin Etiquetas, Sea el primero en etiquetar este registro!
LEADER 01276nam a22002175a 4500
001 EUN.eunm007178
005 20180302131611.0
008 171128s2004####sp#a#####b####001#0#spa#d
020 |a 9788436250701 
082 0 4 |a 574.5  |2 15 
245 0 0 |a Bases químicas del medio ambiente /  |c Ma. del Pilar Cabildo Miranda ... [et al.]. 
250 |a 1a. ed. 
260 |a Madrid :  |b Universidad Nacional de Educación a Distancia,  |c 2004. 
300 |a 523 p. :  |b il. ;  |c 24 cm. 
500 |a Reimpreso en 2017 (como 6a. reimpr.). 
504 |a Incluye referencias bibliográficas e índice. 
505 0 |a 1. Estructura de la materia y enlace químico -- 2. Gases, líquidos y disoluciones -- 3. Termodinámica, equilibrio químico y cinética química -- 4. Ácidos y bases -- 5. Solubilidad y precipitación -- Reacciones de oxidación-reducción -- 7. Química del carbono -- 8. Energía y medio ambiente -- 9. Química de la atmósfera -- 10. El agua en el medio ambiente -- 11. Química del suelo -- 13. Impacto de los compuestos orgánicos en el medio ambiente -- Bibliografía -- Índice de términos. 
650 7 |a Medio ambiente.  |2 unbist 
650 7 |a Química ambiental.  |2 unbist 
700 1 |a Cabildo Miranda, María Pilar. 
859 |a AR-BaUNS  |b BIB. CENTRAL - Sector A  |h 574.5  |i C111  |p 126361/017